000 00663cam a2200241 4500500
005 20260405003507.0
041 _afre
042 _adc
100 1 0 _aOrtoli, Sven
_eauthor
245 0 0 _aDu pétrole et des idées
260 _c2022.
500 _a93
690 _aChimie
690 _aConsommation
690 _aÉnergie
690 _aGeorges Bataille
690 _aPénurie
690 _aPétrole
690 _aPlastique
690 _apollution
786 0 _nPhilosophie magazine | 159 | 5 | 2022-05-01 | p. 13-13 | 1951-1787
856 4 1 _uhttps://shs.cairn.info/magazine-philosophie-magazine-2022-5-page-13?lang=fr&redirect-ssocas=7080
999 _c2068078
_d2068078